[Event "Oberliga Ost A"]
[Site "?"]
[Date "2023.02.26"]
[Round "9.3"]
[White "Fischer, Edwin"]
[Black "Zwahr, Paul"]
[Result "0-1"]
[WhiteElo "2222"]
[BlackElo "2264"]
[PlyCount "70"]
[EventDate "2022.09.18"]
[EventType "team-tourn"]
[EventCountry "GER"]
[WhiteTeam "Dresden SG Gruen Weiss"]
[BlackTeam "Reichenbrand SV Eiche"]
[WhiteTeamCountry "GER"]
[BlackTeamCountry "GER"]

1. d4 Nf6 2. Nf3 g6 3. Nc3 d5 4. Bf4 Bg7 5. Qd2 O-O 6. Bh6 Bxh6 7. Qxh6 c5 8. dxc5 d4 9. O-O-O Nc6 10. Ng5 Ne5 11. Nce4 Neg4 12. Nxf6+ Nxf6 13. e3 Qd5 14. Rxd4 Qxa2 15. Bc4 Qa1+ 16. Kd2 Qa5+ 17. b4 Qxb4+ 18. Ke2 e6 19. Rhd1 Qc3 20. Rh4 Re8 21. Bb5 b6 22. Nxh7 Nd5 23. Ng5 Re7 24. Rhd4 Qxc2+ 25. Ke1 f6 26. Ne4 Rg7 27. Bd3 Qb2 28. Rxd5 exd5 29. Nd6 Bf5 30. Bxf5 gxf5 31. Nxf5 Rxg2 32. Ne7+ Kf7 33. Qh7+ Rg7 34. Qh5+ Kxe7 35. Kf1 Rag8 0-1

[Event "Oberliga Ost A"]
[Site "?"]
[Date "2023.02.26"]
[Round "9.4"]
[White "Genkin, Michael"]
[Black "Laemmel, Sebastian"]
[Result "1/2-1/2"]
[WhiteElo "2265"]
[BlackElo "2121"]
[PlyCount "46"]
[EventDate "2022.09.18"]
[EventType "team-tourn"]
[EventCountry "GER"]
[WhiteTeam "Reichenbrand SV Eiche"]
[BlackTeam "Dresden SG Gruen Weiss"]
[WhiteTeamCountry "GER"]
[BlackTeamCountry "GER"]

1. c4 Nf6 2. Nc3 g6 3. g3 c6 4. Bg2 Bg7 5. e4 c5 6. Nge2 Nc6 7. O-O d6 8. d3 h5 9. h4 Ng4 10. Nd5 Nd4 11. Nxd4 Bxd4 12. Qe2 Bd7 13. Rb1 e6 14. Ne3 Ne5 15. Nc2 Nc6 16. Nxd4 Nxd4 17. Qe3 e5 18. Qg5 a5 19. Qxd8+ Kxd8 20. f4 Ne2+ 21. Kh2 Nxc1 22. Rbxc1 Ke7 23. Bh3 Bxh3 1/2-1/2

[Event "Oberliga Ost A"]
[Site "?"]
[Date "2023.02.26"]
[Round "9.5"]
[White "Kyas, Juergen"]
[Black "Siedentopf, Daniel"]
[Result "1/2-1/2"]
[WhiteElo "2182"]
[BlackElo "2247"]
[PlyCount "42"]
[EventDate "2022.09.18"]
[EventType "team-tourn"]
[EventCountry "GER"]
[WhiteTeam "Dresden SG Gruen Weiss"]
[BlackTeam "Reichenbrand SV Eiche"]
[WhiteTeamCountry "GER"]
[BlackTeamCountry "GER"]

1. e4 e5 2. Bc4 Nf6 3. d3 c6 4. Nf3 d5 5. Bb3 a5 6. a4 Bb4+ 7. c3 Bd6 8. exd5 cxd5 9. Bg5 Be6 10. Na3 Nbd7 11. Nb5 Bb8 12. O-O O-O 13. Re1 h6 14. Bh4 Re8 15. h3 Ra6 16. d4 e4 17. Nd2 Bf4 18. Nf1 g5 19. Bg3 Nf8 20. Ne3 Ng6 21. c4 Ne7 1/2-1/2

[Event "Oberliga Ost A"]
[Site "?"]
[Date "2023.02.26"]
[Round "9.6"]
[White "Gehmlich, Marcel"]
[Black "Fehlhammer, Michael"]
[Result "1/2-1/2"]
[WhiteElo "2183"]
[BlackElo "2145"]
[PlyCount "35"]
[EventDate "2022.09.18"]
[EventType "team-tourn"]
[EventCountry "GER"]
[WhiteTeam "Reichenbrand SV Eiche"]
[BlackTeam "Dresden SG Gruen Weiss"]
[WhiteTeamCountry "GER"]
[BlackTeamCountry "GER"]

1. Nf3 Nf6 2. c4 e6 3. g3 d5 4. Bg2 Be7 5. O-O O-O 6. b3 c5 7. cxd5 exd5 8. d4 Nc6 9. Bb2 Bg4 10. dxc5 Bxc5 11. Nc3 a6 12. Rc1 Ba7 13. Na4 Ne4 14. Nd4 Nxd4 15. Bxd4 Bxe2 16. Qxe2 Bxd4 17. Bxe4 dxe4 18. Rcd1 1/2-1/2

[Event "Oberliga Ost A"]
[Site "?"]
[Date "2023.02.26"]
[Round "9.7"]
[White "Sussbauer, Marco"]
[Black "Kaiser, Dieter"]
[Result "1-0"]
[WhiteElo "1995"]
[BlackElo "2203"]
[PlyCount "67"]
[EventDate "2022.09.18"]
[EventType "team-tourn"]
[EventCountry "GER"]
[WhiteTeam "Dresden SG Gruen Weiss"]
[BlackTeam "Reichenbrand SV Eiche"]
[WhiteTeamCountry "GER"]
[BlackTeamCountry "GER"]

1. d4 Nf6 2. Nf3 e6 3. Bf4 b6 4. e3 Bb7 5. Nbd2 d6 6. h3 g6 7. Be2 Bg7 8. O-O O-O 9. c3 Nbd7 10. a4 a5 11. Bh2 Qe7 12. Qc2 Rfc8 13. Nc4 Ne4 14. Nfd2 Nxd2 15. Nxd2 e5 16. Bf3 d5 17. Qb3 e4 18. Be2 Ra7 19. c4 c5 20. cxd5 cxd4 21. d6 Qe8 22. exd4 Bxd4 23. Bf4 Be5 24. Bxe5 Qxe5 25. Bc4 Qxd6 26. Bxf7+ Kg7 27. Rad1 Nc5 28. Nxe4 Qc6 29. Qc3+ Kxf7 30. Nd6+ Kg8 31. Qc4+ Kh8 32. Qd4+ Kg8 33. Qc4+ Kh8 34. Qd4+ 1-0

[Event "Oberliga Ost A"]
[Site "?"]
[Date "2023.02.26"]
[Round "9.8"]
[White "Butscher, Daniel"]
[Black "Waltenberger, Udo"]
[Result "1-0"]
[WhiteElo "2133"]
[BlackElo "2002"]
[PlyCount "51"]
[EventDate "2022.09.18"]
[EventType "team-tourn"]
[EventCountry "GER"]
[WhiteTeam "Reichenbrand SV Eiche"]
[BlackTeam "Dresden SG Gruen Weiss"]
[WhiteTeamCountry "GER"]
[BlackTeamCountry "GER"]

1. d4 Nf6 2. Nc3 d5 3. Bf4 g6 4. e3 Bg7 5. h4 h6 6. Nf3 O-O 7. Be2 c6 8. Qd2 Be6 9. Ne5 Nbd7 10. f3 Nxe5 11. Bxe5 a5 12. Na4 Nd7 13. Bxg7 Kxg7 14. O-O-O b5 15. Nc5 Nxc5 16. dxc5 f6 17. g4 g5 18. f4 gxf4 19. exf4 a4 20. g5 hxg5 21. hxg5 Rh8 22. Bh5 d4 23. gxf6+ Kxf6 24. Qf2 Qd5 25. Qh4+ Kf5 26. Qg5+ 1-0

[Event "Oberliga Ost A"]
[Site "?"]
[Date "2023.02.26"]
[Round "9.1"]
[White "Klimakovs, Sergejs"]
[Black "Becker, Michael"]
[Result "1-0"]
[WhiteElo "2333"]
[BlackElo "2228"]
[PlyCount "65"]
[EventDate "2022.09.18"]
[EventType "team-tourn"]
[EventCountry "GER"]
[WhiteTeam "Dresden SG Gruen Weiss"]
[BlackTeam "Reichenbrand SV Eiche"]
[WhiteTeamCountry "GER"]
[BlackTeamCountry "GER"]

1. e4 c5 2. Nf3 d6 3. Bb5+ Bd7 4. a4 Nc6 5. O-O Nf6 6. Re1 e6 7. c3 a6 8. Bf1 Be7 9. d4 cxd4 10. cxd4 d5 11. e5 Ne4 12. Nc3 Nxc3 13. bxc3 Na5 14. Re3 Rc8 15. Ne1 Qb6 16. Rg3 Qb3 17. Qg4 Rxc3 18. Qxg7 Rf8 19. Bh6 Rxg3 20. hxg3 Qb2 21. Rd1 Bxa4 22. Rc1 Bc6 23. Qxh7 Nc4 24. Rd1 Na3 25. Bxf8 Bxf8 26. Qg8 Ba4 27. Rd3 Qb4 28. Rf3 Qe7 29. Bd3 f5 30. exf6 Qd6 31. g4 Nb5 32. Rh3 Nxd4 33. Rh7 1-0

[Event "Oberliga Ost A"]
[Site "?"]
[Date "2023.02.26"]
[Round "9.3"]
[White "Tolmacevs, Artjoms"]
[Black "Sukaylo, Aleksey"]
[Result "0-1"]
[WhiteElo "2019"]
[BlackElo "2100"]
[PlyCount "80"]
[EventDate "2022.09.18"]
[EventType "team-tourn"]
[EventCountry "GER"]
[WhiteTeam "Halle USV"]
[BlackTeam "Magdeburg USC"]
[WhiteTeamCountry "GER"]
[BlackTeamCountry "GER"]

1. e4 e5 2. Nf3 Nc6 3. d4 exd4 4. Nxd4 Nf6 5. Nxc6 bxc6 6. e5 Qe7 7. Qe2 Nd5 8. c4 Ba6 9. Nd2 g6 10. Ne4 O-O-O 11. Qc2 Qxe5 12. cxd5 Bxf1 13. Kxf1 Re8 14. dxc6 Qxe4 15. cxd7+ Kxd7 16. Qxe4 Rxe4 17. Be3 Bd6 18. g3 Rb8 19. b3 a5 20. Kg2 a4 21. Kf3 f5 22. bxa4 Rxa4 23. Rhd1 Rb2 24. Bf4 Ra3+ 25. Kg2 Raxa2 26. Rxa2 Rxa2 27. Bxd6 cxd6 28. h4 Re2 29. Kf3 Re4 30. Ra1 h5 31. Ra6 Ke6 32. Ra5 d5 33. Ra6+ Ke5 34. Rxg6 d4 35. Rg8 d3 36. Re8+ Kd4 37. Rd8+ Kc3 38. Ra8 d2 39. Rc8+ Rc4 40. Rd8 Rd4 0-1

[Event "Oberliga Ost A"]
[Site "?"]
[Date "2023.02.26"]
[Round "9.4"]
[White "Reipsch, Jens"]
[Black "Pikalow, Michael"]
[Result "1-0"]
[WhiteElo "2236"]
[BlackElo "2006"]
[PlyCount "93"]
[EventDate "2022.09.18"]
[EventType "team-tourn"]
[EventCountry "GER"]
[WhiteTeam "Magdeburg USC"]
[BlackTeam "Halle USV"]
[WhiteTeamCountry "GER"]
[BlackTeamCountry "GER"]

1. e4 c5 2. Nf3 a6 3. b3 d6 4. Bb2 Nd7 5. d4 cxd4 6. Qxd4 Ngf6 7. h4 e5 8. Qe3 d5 9. Bd3 Bc5 10. Qe2 O-O 11. Nbd2 Ng4 12. O-O-O Nxf2 13. exd5 Nxh1 14. Ne4 Qa5 15. Rxh1 Ba3 16. Nfg5 Bxb2+ 17. Kxb2 Qb6 18. d6 h6 19. Bc4 Nc5 20. Nxf7 Rxf7 21. Nxc5 Qxc5 22. Rf1 Qd4+ 23. c3 Qxd6 24. Rxf7 Be6 25. Rxb7 Bxc4 26. Qxc4+ Kh8 27. Qc7 Qd2+ 28. Ka3 Qc1+ 29. Ka4 Qf4+ 30. c4 Rg8 31. a3 Qd4 32. Rb4 a5 33. Rb5 e4 34. Qe5 Qd3 35. Rd5 Qe2 36. Rd6 Qe3 37. Rd7 Qe2 38. Rd6 Qe3 39. Rd4 Qd2 40. Qxe4 Qb2 41. Rd5 Qf6 42. Rb5 Rd8 43. g3 Qa6 44. g4 Qa7 45. g5 hxg5 46. hxg5 Rb8 47. g6 1-0

[Event "Oberliga Ost A"]
[Site "?"]
[Date "2023.02.26"]
[Round "9.5"]
[White "Haubold, Sebastian Marcel"]
[Black "Schulte, Felix"]
[Result "0-1"]
[WhiteElo "1956"]
[BlackElo "2176"]
[PlyCount "48"]
[EventDate "2022.09.18"]
[EventType "team-tourn"]
[EventCountry "GER"]
[WhiteTeam "Halle USV"]
[BlackTeam "Magdeburg USC"]
[WhiteTeamCountry "GER"]
[BlackTeamCountry "GER"]

1. e4 c5 2. Nf3 e6 3. d4 cxd4 4. Nxd4 a6 5. Nc3 Qc7 6. Bd3 Nf6 7. a3 b5 8. O-O Bb7 9. Nb3 d6 10. f4 Nbd7 11. Qe2 Be7 12. g4 h6 13. Bd2 g5 14. fxg5 hxg5 15. Bxg5 O-O-O 16. Bxf6 Nxf6 17. Rf4 Rh4 18. Raf1 Rg8 19. g5 Rxg5+ 20. Kh1 Ng4 21. Rxg4 Rhxg4 22. Qf2 f5 23. Nd2 d5 24. exd5 Bc5 0-1

[Event "Oberliga Ost A"]
[Site "?"]
[Date "2023.02.26"]
[Round "9.6"]
[White "Luther, Juergen"]
[Black "Haubold, Christian Lucas"]
[Result "1/2-1/2"]
[WhiteElo "2111"]
[BlackElo "1935"]
[PlyCount "161"]
[EventDate "2022.09.18"]
[EventType "team-tourn"]
[EventCountry "GER"]
[WhiteTeam "Magdeburg USC"]
[BlackTeam "Halle USV"]
[WhiteTeamCountry "GER"]
[BlackTeamCountry "GER"]

1. d4 Nf6 2. c4 g6 3. Nc3 Bg7 4. e4 d6 5. h3 O-O 6. Be3 e5 7. d5 Na6 8. Bd3 Nc5 9. Bc2 a5 10. Nge2 Bd7 11. f3 Qe7 12. Qd2 c6 13. Rd1 Rfd8 14. Bg5 Rac8 15. O-O Be8 16. a3 Na6 17. Nc1 h6 18. Bxh6 cxd5 19. Bxg7 Kxg7 20. Nxd5 Nxd5 21. cxd5 Qc7 22. Bd3 b5 23. f4 Qb6+ 24. Kh1 f6 25. fxe5 dxe5 26. Be2 Bd7 27. Rf3 Rh8 28. Rdf1 Rcf8 29. Nd3 b4 30. Rg3 Rh4 31. Nf2 Nc5 32. Qe3 Qd6 33. Bg4 Bxg4 34. Rxg4 Rh5 35. axb4 axb4 36. Rc1 Nd7 37. Rc6 Qb8 38. Qc1 Rf7 39. Rg3 Qb5 40. Rc7 Qe2 41. Kg1 Rh8 42. Re3 Qa6 43. Nd3 Qb6 44. Kh2 Ra8 45. Re2 Qb5 46. Qc4 Qa4 47. Qxb4 Qd1 48. Qd2 Qb3 49. Qc2 Qb5 50. Qc4 Qa5 51. b4 Qa1 52. Nc5 Nxc5 53. Rxf7+ Kxf7 54. bxc5 Qf1 55. Qc2 Ra1 56. Rf2 Qg1+ 57. Kg3 Rc1 58. Qb2 Qe1 59. c6 f5 60. Qe2 f4+ 61. Kg4 Qxe2+ 62. Rxe2 Rc3 63. c7 Kg7 64. c8=Q Rxc8 65. g3 fxg3 66. Kxg3 Rc3+ 67. Kg4 Rd3 68. h4 Kh6 69. Re1 Rd4 70. Kf3 Rd3+ 71. Re3 Rd2 72. Ra3 Kh5 73. Ke3 Rh2 74. Ra8 Rh3+ 75. Kf2 Kg4 76. Rg8 Kf4 77. d6 Rd3 78. Rxg6 Kxe4 79. h5 Kf5 80. Rh6 Kg5 81. Re6 1/2-1/2

[Event "Oberliga Ost A"]
[Site "?"]
[Date "2023.02.26"]
[Round "9.8"]
[White "Polzin, Gustav"]
[Black "Hanisch, Klaus"]
[Result "1-0"]
[WhiteElo "1828"]
[BlackElo "2069"]
[PlyCount "77"]
[EventDate "2022.09.18"]
[EventType "team-tourn"]
[EventCountry "GER"]
[WhiteTeam "Magdeburg USC"]
[BlackTeam "Halle USV"]
[WhiteTeamCountry "GER"]
[BlackTeamCountry "GER"]

1. e4 g6 2. d4 c6 3. Nf3 d5 4. e5 Bg4 5. Be2 h5 6. h3 Bxf3 7. Bxf3 e6 8. Nc3 c5 9. Ne2 Nc6 10. c3 Qb6 11. O-O Nh6 12. Bg5 Nf5 13. Nf4 Be7 14. Bxe7 Nfxe7 15. c4 cxd4 16. cxd5 Nxe5 17. dxe6 Nxf3+ 18. Qxf3 O-O 19. Qd3 f5 20. Rfd1 Rad8 21. Qg3 Kh7 22. Qg5 Qd6 23. h4 Rg8 24. Rd3 Nd5 25. Rxd4 Qe5 26. Rxd5 Rxd5 27. Nxd5 Qxd5 28. Qf6 Qd8 29. e7 Qe8 30. Rd1 Rg7 31. Re1 Rg8 32. a4 Rg7 33. Qd6 Rg8 34. Re6 Kg7 35. b4 Kf7 36. Qe5 Qc8 37. Rd6 Qc1+ 38. Kh2 Re8 39. Qf6+ 1-0

[Event "Oberliga Ost A"]
[Site "?"]
[Date "2023.02.26"]
[Round "9.1"]
[White "Henning, Marvin"]
[Black "Orsag, Milan"]
[Result "1/2-1/2"]
[WhiteElo "2016"]
[BlackElo "2307"]
[PlyCount "72"]
[EventDate "2022.09.18"]
[EventType "team-tourn"]
[EventCountry "GER"]
[WhiteTeam "Halle USV"]
[BlackTeam "Magdeburg USC"]
[WhiteTeamCountry "GER"]
[BlackTeamCountry "GER"]

1. e4 c5 2. Nf3 e6 3. c3 Nf6 4. e5 Nd5 5. d4 cxd4 6. cxd4 b6 7. Bd3 Be7 8. O-O Ba6 9. Nc3 Nxc3 10. bxc3 Qc7 11. Bxa6 Nxa6 12. Qd3 Qb7 13. Ng5 f5 14. exf6 gxf6 15. Ne4 f5 16. Nd2 Rg8 17. Nf3 Qe4 18. Qxe4 fxe4 19. Nd2 Rc8 20. Bb2 d5 21. Rae1 e5 22. Nb3 exd4 23. Nxd4 Nc5 24. Re3 Nd3 25. Ba1 Bc5 26. f3 Bxd4 27. cxd4 Rc2 28. g3 Rf8 29. fxe4 Rxf1+ 30. Kxf1 dxe4 31. Rxe4+ Kd7 32. Re3 Rxh2 33. Rxd3 Rh1+ 34. Ke2 Rxa1 35. Ra3 a5 36. Kd3 Kd6 1/2-1/2

[Event "Oberliga Ost A"]
[Site "?"]
[Date "2023.02.26"]
[Round "9.2"]
[White "Hassemeier, Mika"]
[Black "Schiffer, Stefan"]
[Result "0-1"]
[WhiteElo "2082"]
[BlackElo "2252"]
[PlyCount "54"]
[EventDate "2022.09.18"]
[EventType "team-tourn"]
[EventCountry "GER"]
[WhiteTeam "Leipzig SG II"]
[BlackTeam "Hoyerswerde FVS ASP"]
[WhiteTeamCountry "GER"]
[BlackTeamCountry "GER"]

1. Nf3 e6 2. c4 Nf6 3. Nc3 d5 4. e3 c6 5. b3 Be7 6. Bb2 Nbd7 7. Qc2 O-O 8. Rg1 e5 9. cxd5 cxd5 10. Nb5 a6 11. Nc7 Rb8 12. Nxe5 Bd6 13. Nxd7 Bxd7 14. Nxa6 bxa6 15. Bxa6 Qe7 16. h3 Ra8 17. Bd3 Rfc8 18. Qb1 Ne4 19. Bxe4 dxe4 20. Bc3 Bb5 21. a4 Bd3 22. Qb2 Qg5 23. g4 f6 24. b4 Qh4 25. Rh1 h5 26. Qb3+ Rc4 27. b5 hxg4 0-1

[Event "Oberliga Ost A"]
[Site "?"]
[Date "2023.02.26"]
[Round "9.4"]
[White "Hovsepyan, Vardan"]
[Black "Schunk, Thomas"]
[Result "1/2-1/2"]
[WhiteElo "2254"]
[BlackElo "2179"]
[PlyCount "27"]
[EventDate "2022.09.18"]
[EventType "team-tourn"]
[EventCountry "GER"]
[WhiteTeam "Leipzig SG II"]
[BlackTeam "Hoyerswerde FVS ASP"]
[WhiteTeamCountry "GER"]
[BlackTeamCountry "GER"]

1. e4 c5 2. Nf3 e6 3. d4 cxd4 4. Nxd4 Nf6 5. Nc3 d6 6. Be2 a6 7. O-O Be7 8. f4 O-O 9. Kh1 Qc7 10. Bd3 Nc6 11. Be3 Nxd4 12. Bxd4 e5 13. Be3 b5 14. a3 1/2-1/2

[Event "Oberliga Ost A"]
[Site "?"]
[Date "2023.02.26"]
[Round "9.5"]
[White "Peters, Andreas"]
[Black "Boehm, Robert"]
[Result "1/2-1/2"]
[WhiteElo "2247"]
[BlackElo "2123"]
[PlyCount "23"]
[EventDate "2022.09.18"]
[EventType "team-tourn"]
[EventCountry "GER"]
[WhiteTeam "Hoyerswerde FVS ASP"]
[BlackTeam "Leipzig SG II"]
[WhiteTeamCountry "GER"]
[BlackTeamCountry "GER"]

1. b4 d5 2. Bb2 Nf6 3. Nf3 Bf5 4. e3 e6 5. b5 Be7 6. Be2 h6 7. O-O O-O 8. d3 a6 9. a4 axb5 10. axb5 Rxa1 11. Bxa1 c5 12. Nbd2 1/2-1/2

[Event "Oberliga Ost A"]
[Site "?"]
[Date "2023.02.26"]
[Round "9.7"]
[White "Gempe, Thomas"]
[Black "Wolf, Andreas"]
[Result "1/2-1/2"]
[WhiteElo "2145"]
[BlackElo "2048"]
[PlyCount "20"]
[EventDate "2022.09.18"]
[EventType "team-tourn"]
[EventCountry "GER"]
[WhiteTeam "Hoyerswerde FVS ASP"]
[BlackTeam "Leipzig SG II"]
[WhiteTeamCountry "GER"]
[BlackTeamCountry "GER"]

1. d4 Nf6 2. c4 e6 3. Nf3 d5 4. g3 dxc4 5. Bg2 c5 6. O-O Nc6 7. Qa4 Bd7 8. dxc5 Na5 9. Qc2 Rc8 10. Ne5 Bxc5 1/2-1/2

[Event "Oberliga Ost A"]
[Site "?"]
[Date "2023.02.26"]
[Round "9.8"]
[White "Grohmann, Alexander"]
[Black "Neuhoff, Laertes"]
[Result "0-1"]
[WhiteElo "1983"]
[BlackElo "1991"]
[PlyCount "48"]
[EventDate "2022.09.18"]
[EventType "team-tourn"]
[EventCountry "GER"]
[WhiteTeam "Leipzig SG II"]
[BlackTeam "Hoyerswerde FVS ASP"]
[WhiteTeamCountry "GER"]
[BlackTeamCountry "GER"]

1. e4 c5 2. b3 Nc6 3. Bb2 e5 4. Bc4 d6 5. Nc3 g6 6. Nge2 Bg7 7. O-O Nf6 8. d3 O-O 9. Nd5 Nxd5 10. Bxd5 Be6 11. Bxc6 bxc6 12. f4 f6 13. Qe1 c4 14. Kh1 cxd3 15. cxd3 c5 16. b4 cxb4 17. Qxb4 Rb8 18. Qa3 d5 19. d4 dxe4 20. fxe5 fxe5 21. Rxf8+ Qxf8 22. Qxf8+ Rxf8 23. Kg1 Rb8 24. Bc3 Bc4 0-1

[Event "Oberliga Ost A"]
[Site "?"]
[Date "2023.02.26"]
[Round "9.1"]
[White "Malek, Daniel"]
[Black "Heyder, Florian"]
[Result "1-0"]
[WhiteElo "2333"]
[BlackElo "2189"]
[PlyCount "85"]
[EventDate "2022.09.18"]
[EventType "team-tourn"]
[EventCountry "GER"]
[WhiteTeam "Hoyerswerde FVS ASP"]
[BlackTeam "Leipzig SG II"]
[WhiteTeamCountry "GER"]
[BlackTeamCountry "GER"]

1. e4 e5 2. Nf3 Nc6 3. Bc4 Be7 4. d4 exd4 5. Nxd4 d6 6. O-O Nf6 7. Nc3 O-O 8. a4 Bd7 9. Bb3 a6 10. a5 Nxd4 11. Qxd4 c5 12. Qd3 Bc6 13. Bf4 Qd7 14. Rfd1 Rad8 15. f3 Qc7 16. h3 Rd7 17. Qc4 Qd8 18. Bh2 h6 19. Kh1 Kh8 20. Qd3 Kg8 21. Bd5 Qc8 22. b3 Rfd8 23. Nb1 Rc7 24. Nd2 Bb5 25. c4 Bd7 26. f4 Nxd5 27. cxd5 Bb5 28. Nc4 Bxc4 29. bxc4 Bf8 30. e5 Re8 31. Rab1 g5 32. Rb6 Qd7 33. exd6 Bxd6 34. Rxd6 Qxd6 35. fxg5 Qd7 36. Bxc7 Qxc7 37. gxh6 Qd6 38. h7+ Kg7 39. Qf5 Rh8 40. Rf1 f6 41. Re1 Rxh7 42. Re6 Qd8 43. d6 1-0

[Event "Oberliga Ost A"]
[Site "?"]
[Date "2023.02.26"]
[Round "9.2"]
[White "Engelmann, Jakob"]
[Black "Melamed, Tatjana"]
[Result "0-1"]
[WhiteElo "2240"]
[BlackElo "2330"]
[PlyCount "55"]
[EventDate "2022.09.18"]
[EventType "team-tourn"]
[EventCountry "GER"]
[WhiteTeam "Magdeburg SG Aufbau Elbe"]
[BlackTeam "Sangerhausen SV"]
[WhiteTeamCountry "GER"]
[BlackTeamCountry "GER"]

1. c4 e5 2. Nc3 Bb4 3. g3 Bxc3 4. dxc3 d6 5. Bg2 Ne7 6. Nf3 Nbc6 7. O-O O-O 8. Ne1 Be6 9. b3 Qd7 10. Nc2 Bh3 11. Nb4 Bxg2 12. Kxg2 Nxb4 13. cxb4 f5 14. b5 f4 15. a4 Rf6 16. f3 Rh6 17. g4 Qe6 18. a5 Qf6 19. Bd2 Nf5 20. Rf2 Qh4 21. Kg1 Rg6 22. Rg2 Qh3 23. Qf1 Nd4 24. Qd1 h5 25. Bxf4 hxg4 26. Qd3 gxf3 27. Qxg6 fxg2 28. Qe4 0-1

[Event "Oberliga Ost A"]
[Site "?"]
[Date "2023.02.26"]
[Round "9.3"]
[White "Andre, Gordon"]
[Black "Hellwig, Tobias"]
[Result "1/2-1/2"]
[WhiteElo "2346"]
[BlackElo "2206"]
[PlyCount "117"]
[EventDate "2022.09.18"]
[EventType "team-tourn"]
[EventCountry "GER"]
[WhiteTeam "Sangerhausen SV"]
[BlackTeam "Magdeburg SG Aufbau Elbe"]
[WhiteTeamCountry "GER"]
[BlackTeamCountry "GER"]

1. e4 Nf6 2. e5 Nd5 3. d4 d6 4. Nf3 dxe5 5. Nxe5 g6 6. Bc4 Be6 7. O-O Bg7 8. Re1 c6 9. Bf1 O-O 10. h3 Nd7 11. Nf3 N7b6 12. Nbd2 Nc7 13. c3 Re8 14. Ng5 Bf5 15. a4 e5 16. a5 Nbd5 17. Nb3 Ne6 18. Nf3 exd4 19. Nfxd4 Nxd4 20. Rxe8+ Qxe8 21. Nxd4 Bd7 22. a6 b5 23. Nxb5 Rb8 24. Nd6 Qe7 25. Nc4 Be6 26. Qf3 Qc7 27. Bg5 h6 28. Bd2 g5 29. Re1 c5 30. Bc1 Qc6 31. h4 g4 32. Qg3 Rf8 33. Qd6 Qc8 34. h5 Rd8 35. Qg3 Qxa6 36. f3 Qc8 37. Ne5 Nf6 38. fxg4 Nxg4 39. Nxg4 Bxg4 40. Bc4 Bxh5 41. Bxh6 Qg4 42. Qxg4 Bxg4 43. Bg5 Rd1 44. Rxd1 Bxd1 45. Bf4 a5 46. Kf2 Bc2 47. Bc7 a4 48. Bd6 Bf8 49. Bxf8 Kxf8 50. Ke3 Ke7 51. g3 Bf5 52. Kf4 Bd7 53. Ke5 Bc6 54. Bd5 f6+ 55. Ke4 Bd7 56. Bg8 Kd6 57. Bc4 Be8 58. Kf4 Bd7 59. Ke4 1/2-1/2

[Event "Oberliga Ost A"]
[Site "?"]
[Date "2023.02.26"]
[Round "9.4"]
[White "Hillmann, Michael"]
[Black "Paul, Johannes"]
[Result "1/2-1/2"]
[WhiteElo "2094"]
[BlackElo "2320"]
[PlyCount "121"]
[EventDate "2022.09.18"]
[EventType "team-tourn"]
[EventCountry "GER"]
[WhiteTeam "Magdeburg SG Aufbau Elbe"]
[BlackTeam "Sangerhausen SV"]
[WhiteTeamCountry "GER"]
[BlackTeamCountry "GER"]

1. d4 Nf6 2. Bg5 Ne4 3. Bf4 d5 4. e3 c5 5. c3 Nc6 6. Bd3 cxd4 7. exd4 e5 8. dxe5 Qb6 9. Bxe4 Qxb2 10. Nd2 dxe4 11. Ne2 Bg4 12. Qb1 Qxb1+ 13. Rxb1 O-O-O 14. Nxe4 Rd5 15. Nd4 Nxd4 16. cxd4 Rxd4 17. f3 Be6 18. O-O Be7 19. Be3 Ra4 20. Rfc1+ Kb8 21. Bc5 Bd8 22. Bd6+ Ka8 23. Nc5 Ra5 24. Nxe6 Bb6+ 25. Rxb6 axb6 26. Nc7+ Ka7 27. a3 g5 28. Rc4 Rd8 29. g3 Rd7 30. f4 gxf4 31. gxf4 b5 32. Rd4 b6 33. f5 Kb7 34. e6 fxe6 35. fxe6 Rxc7 36. Bxc7 Kxc7 37. Rd7+ Kc6 38. Rd3 Ra7 39. Rh3 Kd6 40. Kf2 Kxe6 41. Rh6+ Kd5 42. Rxb6 Kc4 43. Rh6 Rxa3 44. Rxh7 b4 45. Rc7+ Kd3 46. Kf3 b3 47. Kg4 b2 48. Rb7 Kc2 49. Rxb2+ Kxb2 50. h4 Kc3 51. h5 Kd4 52. h6 Ra2 53. Kf5 Rh2 54. Kg6 Ke5 55. h7 Ke6 56. Kg7 Rg2+ 57. Kf8 Rh2 58. Kg7 Rg2+ 59. Kf8 Rh2 60. Kg7 Rxh7+ 61. Kxh7 1/2-1/2

[Event "Oberliga Ost A"]
[Site "?"]
[Date "2023.02.26"]
[Round "9.5"]
[White "Armbrust, Florian"]
[Black "Richter, Dustin"]
[Result "1/2-1/2"]
[WhiteElo "2266"]
[BlackElo "2190"]
[PlyCount "109"]
[EventDate "2022.09.18"]
[EventType "team-tourn"]
[EventCountry "GER"]
[WhiteTeam "Sangerhausen SV"]
[BlackTeam "Magdeburg SG Aufbau Elbe"]
[WhiteTeamCountry "GER"]
[BlackTeamCountry "GER"]

1. e4 e5 2. Nf3 d6 3. d4 exd4 4. Nxd4 Nf6 5. Nc3 Be7 6. Be2 O-O 7. O-O Re8 8. f4 Bf8 9. Bf3 c5 10. Nde2 Nc6 11. h3 Be6 12. g4 Bc4 13. g5 Bxe2 14. Qxe2 Nxe4 15. Bxe4 d5 16. Bxh7+ Kxh7 17. Qd3+ Kg8 18. Qxd5 Qxd5 19. Nxd5 Rad8 20. c4 Nb4 21. Bd2 Nxd5 22. cxd5 Rxd5 23. Bc3 b5 24. Rad1 Red8 25. Rxd5 Rxd5 26. Kf2 b4 27. Be5 Be7 28. Ke2 f6 29. gxf6 gxf6 30. Bc7 Rd7 31. Ba5 Rd6 32. Rd1 Ra6 33. Bd8 Kf7 34. Bxe7 Kxe7 35. Ra1 Ke6 36. Ke3 Kd5 37. h4 c4 38. h5 Re6+ 39. Kf3 c3 40. Rd1+ Kc5 41. bxc3 bxc3 42. h6 f5 43. Rh1 Re8 44. h7 Rh8 45. Ke3 c2 46. Kd3 Kd5 47. Kxc2 Ke4 48. Rh4 Kf3 49. Kd3 Kg3 50. Rh1 Kxf4 51. Kd4 Kg5 52. Ke5 Kg6 53. Rg1+ Kf7 54. Rh1 Kg6 55. Rg1+ 1/2-1/2

[Event "Oberliga Ost A"]
[Site "?"]
[Date "2023.02.26"]
[Round "9.6"]
[White "Guenther, Christian"]
[Black "Merkert, Maximilian"]
[Result "1/2-1/2"]
[WhiteElo "2132"]
[BlackElo "2205"]
[PlyCount "72"]
[EventDate "2022.09.18"]
[EventType "team-tourn"]
[EventCountry "GER"]
[WhiteTeam "Magdeburg SG Aufbau Elbe"]
[BlackTeam "Sangerhausen SV"]
[WhiteTeamCountry "GER"]
[BlackTeamCountry "GER"]

1. d4 Nc6 2. c4 e5 3. d5 Bb4+ 4. Nd2 Nce7 5. a3 Bxd2+ 6. Bxd2 d6 7. e4 Nf6 8. Qc2 Ng6 9. Ne2 Nh5 10. g3 O-O 11. Bg2 Bg4 12. f3 Bd7 13. O-O f5 14. exf5 Bxf5 15. Qb3 Nf6 16. Rae1 b6 17. Qc3 a5 18. b4 axb4 19. axb4 Ra2 20. Bc1 h5 21. Bb2 Qd7 22. h4 Kh8 23. b5 Raa8 24. Nc1 Qc8 25. Qd2 Ra4 26. Qc3 Nd7 27. Nb3 Nf6 28. Ra1 Rxa1 29. Rxa1 Qb7 30. Qc1 Ra8 31. Kh2 Rxa1 32. Qxa1 Qc8 33. Nd2 Nf8 34. Bc3 Kh7 35. Nb3 Kg8 36. Nd2 Kh8 1/2-1/2